UBT Library

Law and the physician : (Record no. 41991)

000 -LEADER
fixed length control field 00775cam a2200241 a 4500
001 - CONTROL NUMBER
control field 1561005
005 - DATE AND TIME OF LATEST TRANSACTION
control field 20180207045149.0
008 - FIXED-LENGTH DATA ELEMENTS--GENERAL INFORMATION
fixed length control field 920825s1993 mau b 001 0 eng
010 ## - LIBRARY OF CONGRESS CONTROL NUMBER
LC control number 92032594
020 ## - INTERNATIONAL STANDARD BOOK NUMBER
International Standard Book Number 0316744174
040 ## - CATALOGING SOURCE
Original cataloging agency DLC
Transcribing agency DLC
Modifying agency DLC
041 ## - LANGUAGE CODE
Language code of text/sound track or separate title eng
043 ## - GEOGRAPHIC AREA CODE
Geographic area code n-us---
080 ## - UNIVERSAL DECIMAL CLASSIFICATION NUMBER
Universal Decimal Classification number 344.73/041 EDW
082 00 - DEWEY DECIMAL CLASSIFICATION NUMBER
Classification number 344.73/041 EDW
-- 347.30441
Edition number 20
100 1# - Rafti
Rafti 14
101 ## - Shkurtesa
Shkurtesa LAW
245 10 - TITLE STATEMENT
Title Law and the physician :
Statement of responsibility, etc Edward P. Richards, Katharine C. Rathbun.
504 ## - BIBLIOGRAPHY, ETC. NOTE
Bibliography, etc Includes bibliographical references and index.
906 ## - LOCAL DATA ELEMENT F, LDF (RLIN)
a 7
b cbc
c orignew
d 1
e ocip
f 19
g y-gencatlg
942 ## - ADDED ENTRY ELEMENTS (KOHA)
Source of classification or shelving scheme
Item type Books
Holdings
Withdrawn status Lost status Source of classification or shelving scheme Damaged status Not for loan Collection code Permanent location Current location Shelving location Date acquired Total Checkouts Full call number Barcode Date last seen Price effective from Koha item type
          Koleksioni i përgjithshem UBT - Lipjan UBT - Lipjan Koleksioni i përgjithshem 02/07/2018   344.73/041 EDW 002-2998995 02/07/2018 02/07/2018 Books
UBT Library © 2015-2024. All rights reserved University Education for Business and Technology